Sports Quiz

Random Sports Quiz

Name the 12 clubs that Nicolas Anelka has played for Quiz Stats

 Plays Quiz not verified by Sporcle

Support Sporcle.
Go Orange.
Score 0/13 Timer 05:00
0 Plays Today
Hint Answer % Correct
1997-1999Arsenal
95.7%
2008-2012Chelsea
92.7%
1996-1997Paris Saint-Germain
88.5%
2000-2002Paris Saint-Germain
88.5%
1999-2000Real Madrid
87.6%
2001-2002 (loan)Liverpool
83.5%
2006-2008Bolton Wanderers
72.6%
2002-2005Manchester City
70.8%
2013 (loan)Juventus
49.6%
2013-2014West Bromwich Albion
48.2%
2005-2006Fenerbache
27.9%
2012-2013Shanghai Shenhua
21.8%
2014-2015Mumbai City FC
8%

You're not logged in!

Compare scores with friends on all Sporcle quizzes.
OR
Log In

From the Vault

NFL MVP Voting (2000s)

by mirage88

Even though it's only 2013, it's kind of amazing that any of these guys are still playing.
Remove Ads.
Support Sporcle.
Get the best of Sporcle when you Go Orange. This ad-free experience offers more features, more stats, and more fun while also helping to support Sporcle. Thank you for becoming a member.

Show Comments

Extras

Created Apr 18, 2021ReportNominate
Tags:anelka, club, Nicolas Anelka

Top Quizzes Today


Score Distribution

Your Account Isn't Verified!

In order to create a playlist on Sporcle, you need to verify the email address you used during registration. Go to your Sporcle Settings to finish the process.

Report this User

Report this user for behavior that violates our Community Guidelines.

Details: